NBA Daily Trivia #9 - Statistics

General Stats
  • This quiz has been taken 119 times
  • The average score is 7 of 12
Answer Stats
Picture Answer % Correct
Trae Young
98%
Jimmy Butler
96%
Bam Adebayo
91%
Tyler Herro
78%
Bradley Beal
77%
Franz Wagner
56%
Miles Bridges
55%
Kyle Kuzma
51%
Duncan Robinson
41%
Terry Rozier
39%
John Collins
36%
P.J. Washington
23%
No matching quizzes found
Score Distribution
Percent of People with Each Score
Percentile by Number Answered
Your Score History
You have not taken this quiz